[Event "Karl Mala Memorial op 10th"]
[Site "Griesheim"]
[Date "2006.07.23"]
[Round "7"]
[White "Kessler, Paul"]
[Black "Helbing, Mathias"]
[Result "1-0"]
[WhiteElo "1826"]
[BlackElo "2120"]
[PlyCount "49"]
[EventDate "2006.07.20"]
[EventType "swiss"]
[EventRounds "7"]
[EventCountry "GER"]
[SourceTitle "CBM 113 Extra"]
[Source "ChessBase"]
[SourceDate "2006.09.14"]
[SourceVersion "1"]
[SourceVersionDate "2006.09.14"]
[SourceQuality "1"]

1. e4 c5 2. Nf3 Nc6 3. d4 cxd4 4. Nxd4 Nf6 5. Nc3 e5 6. Ndb5 d6 7. Bg5 a6 8. Na3 b5 9. Nd5 Be7 10. Bxf6 Bxf6 11. c3 Bg5 12. Bd3 0-0 13. 0-0 Ne7 14. Nxe7+ Qxe7 15. Nc2 f5 16. exf5 e4 17. Bc4+ Kh8 18. Bd5 Bb7 19. Bxb7 Qxb7 20. Qxd6 Rad8 21. Qg3 Rxf5 22. Nd4 Bf4 23. Qg4 Rf6 24. Ne6 Rg6 25. Nxd8 1-0

[Event "Karl Mala Memorial op 10th"]
[Site "Griesheim"]
[Date "2006.07.21"]
[Round "3"]
[White "Pietsch, Klaus"]
[Black "Helbing, Mathias"]
[Result "1/2-1/2"]
[WhiteElo "1925"]
[BlackElo "2120"]
[PlyCount "55"]
[EventDate "2006.07.20"]
[EventType "swiss"]
[EventRounds "7"]
[EventCountry "GER"]
[SourceTitle "CBM 113 Extra"]
[Source "ChessBase"]
[SourceDate "2006.09.14"]
[SourceVersion "1"]
[SourceVersionDate "2006.09.14"]
[SourceQuality "1"]

1. d4 d5 2. Nf3 Nf6 3. c4 e6 4. Nc3 Be7 5. Bg5 Nbd7 6. cxd5 exd5 7. e3 c6 8. Bd3 0-0 9. Qc2 Re8 10. h3 Nf8 11. Bf4 Bd6 12. Bxd6 Qxd6 13. 0-0-0 b5 14. Kb1 a5 15. g4 Re7 16. Rc1 a4 17. Ne2 Bb7 18. Ne5 Rc8 19. Bf5 Rcc7 20. g5 Ne8 21. Nd3 Bc8 22. Ng3 g6 23. Bxc8 Rxc8 24. h4 Ra7 25. h5 b4 26. Qe2 Re7 27. Qg4 Rcc7 28. Nc5 1/2-1/2

[Event "Wilhelm Werner Memorial-H 31st"]
[Site "Bockenem"]
[Date "2006.05.27"]
[Round "6"]
[White "Schwetje, Siegfried"]
[Black "Helbing, Mathias"]
[Result "0-1"]
[WhiteElo "1762"]
[BlackElo "1873"]
[PlyCount "98"]
[EventDate "2006.05.??"]
[EventType "swiss"]
[EventRounds "7"]
[EventCountry "GER"]
[SourceTitle "EXT 2008"]
[Source "ChessBase"]
[SourceDate "2007.11.25"]
[SourceVersion "1"]
[SourceVersionDate "2007.11.25"]
[SourceQuality "1"]

1. e4 c5 2. Nf3 Nc6 3. d4 cxd4 4. Nxd4 Nf6 5. Nc3 e5 6. Ndb5 d6 7. Bg5 a6 8. Na3 b5 9. Nd5 Be7 10. Bxf6 Bxf6 11. c3 Bg5 12. Bd3 Be6 13. c4 Qa5+ 14. Kf1 0-0 15. h4 Bh6 16. cxb5 Bxd5 17. exd5 Nd4 18. Nc4 Qxb5 19. Nxe5 Qxd5 20. Nd7 Rac8 21. Nxf8 Kxf8 22. Rh3 Re8 23. b3 Qe5 24. Bxa6 Nc2 25. Rb1 Na3 26. Rc1 Bxc1 27. Qxc1 Nc2 28. Kg1 Qe1+ 29. Qxe1 Rxe1+ 30. Kh2 Nb4 31. Bb5 Nxa2 32. Rd3 Ke7 33. Bc4 Nb4 34. Rd2 Nc6 35. Ra2 Re5 36. Ra6 Rc5 37. Rb6 Ne5 38. Rb7+ Kf6 39. Be2 Rc2 40. Ba6 Rxf2 41. Rb6 Ke6 42. Kg3 Rc2 43. Rb8 Kf5 44. Bc8+ Ke4 45. Rb4+ Kd5 46. Bf5 Rc3+ 47. Kh2 g6 48. Be4+ Kc5 49. Rb8 Ng4+ 0-1

[Event "Wilhelm Werner Memorial-H 31st"]
[Site "Bockenem"]
[Date "2006.05.26"]
[Round "4"]
[White "Doerge, Sven"]
[Black "Helbing, Mathias"]
[Result "1/2-1/2"]
[WhiteElo "1904"]
[BlackElo "1873"]
[PlyCount "73"]
[EventDate "2006.05.??"]
[EventType "swiss"]
[EventRounds "7"]
[EventCountry "GER"]
[SourceTitle "EXT 2008"]
[Source "ChessBase"]
[SourceDate "2007.11.25"]
[SourceVersion "1"]
[SourceVersionDate "2007.11.25"]
[SourceQuality "1"]

1. e4 c5 2. Nf3 Nc6 3. c4 g6 4. d4 cxd4 5. Nxd4 Bg7 6. Be3 d6 7. Nc3 Nf6 8. Be2 a6 9. Rc1 0-0 10. 0-0 Bd7 11. h3 Rb8 12. Nf3 Qa5 13. Nd2 Rfc8 14. f4 b5 15. Nb3 Qd8 16. cxb5 axb5 17. Bd3 b4 18. Ne2 Na5 19. Nbd4 Rxc1 20. Nxc1 Nc6 21. Ncb3 Nxd4 22. Bxd4 Bb5 23. Bxb5 Rxb5 24. Qe2 Rb8 25. e5 Nd5 26. f5 dxe5 27. Bxe5 Bxe5 28. Qxe5 Nf6 29. fxg6 hxg6 30. Re1 Ra8 31. Nc1 e6 32. Rf1 Nd5 33. Rf3 Qc8 34. Qg5 Qc2 35. Rf2 Qd1+ 36. Kh2 Qd4 37. Qd2 1/2-1/2

[Event "Wilhelm Werner Memorial-H 29th"]
[Site "Bockenem"]
[Date "2004.05.22"]
[Round "5"]
[White "Kobs, Stephan"]
[Black "Helbing, Mathias"]
[Result "1-0"]
[WhiteElo "1924"]
[BlackElo "1896"]
[PlyCount "70"]
[EventDate "2004.05.??"]
[EventType "swiss"]
[EventRounds "7"]
[EventCountry "GER"]
[SourceTitle "EXT 2008"]
[Source "ChessBase"]
[SourceDate "2007.11.25"]
[SourceVersion "1"]
[SourceVersionDate "2007.11.25"]
[SourceQuality "1"]

1. e4 c5 2. Nf3 Nc6 3. d4 cxd4 4. Nxd4 Nf6 5. Nc3 e5 6. Ndb5 d6 7. Bg5 a6 8. Na3 b5 9. Bxf6 gxf6 10. Nd5 Bg7 11. Bd3 Ne7 12. Nxe7 Qxe7 13. 0-0 0-0 14. c4 bxc4 15. Nxc4 f5 16. Nb6 fxe4 17. Bxe4 Rb8 18. Qh5 h6 19. Nxc8 Rfxc8 20. Qf5 Rc5 21. Rad1 Rxb2 22. Rd3 Qf6 23. Qh7+ Kf8 24. Rf3 Qe6 25. Rg3 Qf6 26. Rf3 Qe7 27. Rg3 f6 28. Bf5 Rb7 29. Qg6 Qf7 30. Qg4 Qxa2 31. Be6 Qc2 32. Bd7 Qh7 33. Qe6 Rxd7 34. Qxd7 Rb5 35. Rc3 Kg8 1-0

[Event "Wilhelm Werner Memorial-H 28th"]
[Site "Bockenem"]
[Date "2003.05.28"]
[Round "1"]
[White "Korsus, Bernd"]
[Black "Helbing, Mathias"]
[Result "1-0"]
[WhiteElo "2227"]
[BlackElo "1833"]
[PlyCount "78"]
[EventDate "2003.??.??"]
[EventType "swiss"]
[EventRounds "7"]
[EventCountry "GER"]
[SourceTitle "EXT 2008"]
[Source "ChessBase"]
[SourceDate "2007.11.25"]
[SourceVersion "1"]
[SourceVersionDate "2007.11.25"]
[SourceQuality "1"]

1. d4 d5 2. c4 e6 3. Nf3 Nf6 4. Bg5 Be7 5. cxd5 exd5 6. Nc3 0-0 7. Qc2 c6 8. e3 Nbd7 9. Bd3 Re8 10. 0-0 Nf8 11. Rae1 Ne4 12. Bxe7 Qxe7 13. Bxe4 dxe4 14. Nd2 f5 15. f3 exf3 16. Nxf3 Ng6 17. e4 f4 18. e5 Rf8 19. Ne4 Bf5 20. Qc5 Bxe4 21. Rxe4 Qxc5 22. dxc5 Rad8 23. Rfe1 Rd5 24. b4 h6 25. e6 Ne7 26. h4 g5 27. hxg5 hxg5 28. Ne5 Rf5 29. Nf7 Kg7 30. Nd6 Rf6 31. Ne8+ Kg6 32. Nxf6 Kxf6 33. Kf2 Kf5 34. g3 Rd3 35. gxf4 g4 36. Kg2 Ng6 37. e7 Nh4+ 38. Kf1 g3 39. e8Q g2+ 1-0

[Event "Wilhelm Werner Memorial-H 27th"]
[Site "Bockenem"]
[Date "2002.05.10"]
[Round "4"]
[White "Helbing, Mathias"]
[Black "Verhoef, Helge"]
[Result "1/2-1/2"]
[WhiteElo "1813"]
[BlackElo "1934"]
[PlyCount "136"]
[EventDate "2002.05.??"]
[EventType "swiss"]
[EventRounds "7"]
[EventCountry "GER"]
[SourceTitle "EXT 2008"]
[Source "ChessBase"]
[SourceDate "2007.11.25"]
[SourceVersion "1"]
[SourceVersionDate "2007.11.25"]
[SourceQuality "1"]

1. e4 Nf6 2. e5 Nd5 3. d4 d6 4. c4 Nb6 5. f4 dxe5 6. fxe5 Nc6 7. Be3 Bf5 8. Nc3 e6 9. Nf3 Qd7 10. h3 0-0-0 11. Be2 Be7 12. 0-0 f6 13. Qe1 g5 14. g4 Bg6 15. Rd1 Qe8 16. Qg3 h5 17. exf6 Bxf6 18. Nb5 Rh7 19. Nxg5 Bxg5 20. Bxg5 Rdd7 21. a4 a6 22. a5 Nxa5 23. c5 Nd5 24. Na7+ Kb8 25. c6 Rd6 26. Qa3 Kxa7 27. Qxa5 Qxc6 28. Rc1 Qb6 29. Qd2 hxg4 30. Bxg4 e5 31. Rc5 Qb4 32. Qxb4 Nxb4 33. dxe5 Rc6 34. Rxc6 Nxc6 35. Be3+ b6 36. Rf8 Be4 37. Be6 Re7 38. Bg4 Nxe5 39. Bg5 Rg7 40. Bf6 Rxg4+ 41. hxg4 Nxg4 42. Bg5 Ne5 43. Rf4 Nf3+ 44. Rxf3 Bxf3 45. Kf2 Bd5 46. Ke3 Kb7 47. Kd4 Bf7 48. b4 Kc6 49. Bf4 Kd7 50. Bg3 Bh5 51. Bf4 Bf3 52. Bg3 Bc6 53. Bf4 Ba4 54. Bg3 Bb3 55. Bf4 Bf7 56. Bg3 a5 57. bxa5 c5+ 58. Kc3 b5 59. Be1 b4+ 60. Kb2 Kc6 61. a6 Kb5 62. a7 Bd5 63. Bd2 c4 64. Be1 Ka4 65. Bd2 Be4 66. Be1 Bd5 67. Bd2 Kb5 68. Be1 c3+ 1/2-1/2

[Event "Wilhelm Werner Memorial-H 27th"]
[Site "Bockenem"]
[Date "2002.05.09"]
[Round "3"]
[White "Helbing, Mathias"]
[Black "Schmidt, Lars"]
[Result "1/2-1/2"]
[WhiteElo "1813"]
[BlackElo "1944"]
[PlyCount "39"]
[EventDate "2002.05.??"]
[EventType "swiss"]
[EventRounds "7"]
[EventCountry "GER"]
[SourceTitle "EXT 2008"]
[Source "ChessBase"]
[SourceDate "2007.11.25"]
[SourceVersion "1"]
[SourceVersionDate "2007.11.25"]
[SourceQuality "1"]

1. e4 d5 2. exd5 Qxd5 3. Nc3 Qa5 4. g3 Nf6 5. Bg2 c6 6. Nf3 Bg4 7. h3 Bh5 8. d3 Nbd7 9. Bd2 Qb6 10. Qe2 e6 11. 0-0-0 0-0-0 12. g4 Bg6 13. Nh4 Bb4 14. f4 Nc5 15. Nxg6 hxg6 16. a3 Bxc3 17. Bxc3 Na4 18. Bxf6 gxf6 19. c3 Rd7 20. d4 1/2-1/2

[Event "Baunatal op 7th"]
[Site "Baunatal"]
[Date "2001.08.09"]
[Round "3"]
[White "Helbing, Mathias"]
[Black "Dec, Paul"]
[Result "0-1"]
[WhiteElo "1811"]
[BlackElo "2091"]
[PlyCount "75"]
[EventDate "2001.08.08"]
[EventType "swiss"]
[EventRounds "7"]
[EventCountry "GER"]
[SourceTitle "EXT 2002"]
[Source "ChessBase"]
[SourceDate "2001.11.25"]
[SourceVersion "1"]
[SourceVersionDate "2001.11.25"]
[SourceQuality "1"]

1. d4 Nf6 2. c4 g6 3. Nc3 Bg7 4. e4 d6 5. f3 Nbd7 6. Be3 b6 7. Qd2 c5 8. Nge2 Ba6 9. b3 Qc7 10. Rc1 Qb7 11. Bh6 Bxh6 12. Qxh6 b5 13. cxb5 Bxb5 14. Nxb5 Qxb5 15. Nc3 Qb4 16. dxc5 Rc8 17. Bb5 Rxc5 18. Bc4 Ne5 19. 0-0 Nxc4 20. bxc4 Qxc4 21. Kh1 Qd4 22. Rfd1 Qb4 23. e5 Rxe5 24. Qg7 Rg8 25. Qh6 Kd7 26. f4 Rc5 27. Qh3+ e6 28. Qd3 Nd5 29. Nxd5 Rxd5 30. Qa6 Rxd1+ 31. Rxd1 Qb6 32. Qa4+ Ke7 33. f5 Qf2 34. Qa6 Rd8 35. f6+ Qxf6 36. Qxa7+ Rd7 37. Qe3 Qe5 38. Qh6 0-1

[Event "Wilhelm Werner Memorial-H 25th"]
[Site "Bockenem"]
[Date "2000.06.03"]
[Round "5"]
[White "Helbing, Mathias"]
[Black "Beermann, Michael"]
[Result "0-1"]
[WhiteElo "1823"]
[BlackElo "1990"]
[PlyCount "46"]
[EventDate "2000.05.31"]
[EventType "swiss"]
[EventRounds "7"]
[EventCountry "GER"]
[SourceTitle "EXT 2008"]
[Source "ChessBase"]
[SourceDate "2007.11.25"]
[SourceVersion "1"]
[SourceVersionDate "2007.11.25"]
[SourceQuality "1"]

1. d4 Nf6 2. c4 e6 3. Nc3 Bb4 4. Qc2 d5 5. cxd5 exd5 6. Bg5 h6 7. Bh4 c5 8. 0-0-0 Bxc3 9. Qxc3 g5 10. Bg3 Ne4 11. Qa3 cxd4 12. Bxb8 Rxb8 13. Qa4+ Bd7 14. Qxd4 Qc7+ 15. Kb1 Rc8 16. Qxh8+ Ke7 17. Qxc8 Bxc8 18. Nh3 Bf5 19. Ka1 Qc2 20. Re1 Qd2 21. Rb1 Nc5 22. a3 Bxb1 23. Kxb1 Na4 0-1

[Event "Wilhelm Werner Memorial-H 24th"]
[Site "Bockenem"]
[Date "1999.05.13"]
[Round "3"]
[White "Helbing, Mathias"]
[Black "Soellig, Martin"]
[Result "1/2-1/2"]
[WhiteElo "1806"]
[BlackElo "1948"]
[PlyCount "59"]
[EventDate "1999.05.??"]
[EventType "swiss"]
[EventRounds "7"]
[EventCountry "GER"]
[SourceTitle "EXT 2008"]
[Source "ChessBase"]
[SourceDate "2007.11.25"]
[SourceVersion "1"]
[SourceVersionDate "2007.11.25"]
[SourceQuality "1"]

1. d4 Nf6 2. c4 e6 3. Nc3 Bb4 4. Qc2 d5 5. cxd5 exd5 6. Bg5 Nbd7 7. e3 h6 8. Bh4 c6 9. Bd3 0-0 10. Nge2 Qe8 11. 0-0 Bd6 12. Bg3 Qe7 13. Bxd6 Qxd6 14. f3 c5 15. Rad1 cxd4 16. exd4 Nb6 17. Nb5 Qe7 18. Rfe1 Be6 19. Nf4 a6 20. Qc7 Nfd7 21. Nd6 Rab8 22. Bf5 Na8 23. Rxe6 Qxe6 24. Nxe6 Nxc7 25. Nxf8 Nxf8 26. Re1 Nfe6 27. Bxe6 fxe6 28. Rc1 Na8 29. Re1 Nc7 30. Rc1 1/2-1/2